| 000 | 00882nam a2200265 i 4500 | ||
|---|---|---|---|
| 001 | bg | ||
| 100 | 1 | _aMUSIALIK, Jan | |
| 245 | 1 | 0 |
_aZjawiska termomechaniczne determinujące właściwości warstwy wierzchniej stali nagniatanej elektromechanicznie / _cJan Musialik. |
| 260 |
_aCzęstochowa : _bWydaw.PC, _c2003. |
||
| 300 |
_a194 s. : _bil. (w tym kolor.) ; _c24 cm. |
||
| 490 | 1 |
_aMonografie / Politechnika Częstochowska, _x0860-5017 ; _vnr 91 |
|
| 500 | _aStreszcz. ang. i ros. | ||
| 504 | _aBibliogr. | ||
| 650 | 9 | _aNagniatanie elektromechaniczne | |
| 650 | 9 | _aInżynieria powierzchni | |
| 650 | 9 | _aTermodynamika | |
| 830 | 0 |
_aMonografie (Politechnika Częstochowska) ; _vnr 91 |
|
| 020 | _a8371932065 | ||
| 040 | _cBPK | ||
| 041 | 0 |
_apol _bengrus |
|
| 080 | _a621.78:536.7 | ||
| 920 | _a83-7193-206-5 | ||
| 942 | _cKS | ||
| 008 | s pl f |000 0 pol | ||
| 999 |
_c43960 _d43960 |
||
| 856 |
_uhttp://koha.tu.koszalin.pl/cgi-bin/koha/opac-detail.pl?biblionumber=43960 _yKatalog online BPK |
||